A pocket guide to Sects and New religions / (Record no. 942)

MARC details
000 -LEADER
fixed length control field 01529cam a2200433 a 4500
001 - CONTROL NUMBER
control field 453184
003 - CONTROL NUMBER IDENTIFIER
control field GBCCL
005 - DATE AND TIME OF LATEST TRANSACTION
control field 20241126110349.0
008 - FIXED-LENGTH DATA ELEMENTS--GENERAL INFORMATION
fixed length control field 051122r20062005miu f 000 0 eng
010 ## -
-- 2005032520
020 ## - INTERNATIONAL STANDARD BOOK NUMBER
International Standard Book Number 0745951697
020 ## - INTERNATIONAL STANDARD BOOK NUMBER
International Standard Book Number 9780801066207
029 1# -
-- AU@
-- 000040028469
029 1# -
-- IG#
-- 0801066204
029 1# -
-- YDXCP
-- 2391723
035 ## - SYSTEM CONTROL NUMBER
System control number (OCoLC)ocm62381205
035 ## - SYSTEM CONTROL NUMBER
System control number (OCoLC)62381205
040 ## - CATALOGING SOURCE
Original cataloging agency DLC
Language of cataloging eng
Transcribing agency DLC
Modifying agency IG#
-- BAKER
-- YDXCP
-- BTCTA
-- OCLCQ
-- BDX
-- OCLCF
-- OCLCO
-- OCLCQ
-- LBB
049 ## -
-- LBBA
050 00 -
-- BP603
-- .S39 2006
082 00 - DEWEY DECIMAL CLASSIFICATION NUMBER
Classification number 200.903
Edition information 22
Item number SCO
100 1# - MAIN ENTRY--PERSONAL NAME
Personal name Scotland, Nigel.
9 (RLIN) 1512
240 10 -
-- Pocket guide to new religions
245 14 - TITLE STATEMENT
Title A pocket guide to Sects and New religions /
Statement of responsibility, etc. Nigel Scotland.
250 ## - EDITION STATEMENT
Edition statement 1st ed.
260 ## - PUBLICATION, DISTRIBUTION, ETC.
Place of publication, distribution, etc. Oxford, England. :
Name of publisher, distributor, etc. Lion publishing,
Date of publication, distribution, etc. 2005.
300 ## - PHYSICAL DESCRIPTION
Extent 255 pages ;
Dimensions 18 cm
336 ## - CONTENT TYPE
Content type term text
Content type code txt
Source rdacontent
337 ## - MEDIA TYPE
Media type term unmediated
Media type code n
Source rdamedia
338 ## - CARRIER TYPE
Carrier type term volume
Carrier type code nc
Source rdacarrier
500 ## - GENERAL NOTE
General note Originally published: Pocket guide to sects and new religions. Oxford, England : Lion Hudson, �A2005.
650 #0 - SUBJECT ADDED ENTRY--TOPICAL TERM
Topical term or geographic name entry element Cults
Form subdivision Handbooks, manuals, etc.
9 (RLIN) 1513
650 #0 - SUBJECT ADDED ENTRY--TOPICAL TERM
Topical term or geographic name entry element Sects
Form subdivision Handbooks, manuals, etc.
9 (RLIN) 1514
650 #7 - SUBJECT ADDED ENTRY--TOPICAL TERM
Topical term or geographic name entry element Cults.
Source of heading or term fast
Authority record control number or standard number (OCoLC)fst00884980
9 (RLIN) 1515
650 #7 - SUBJECT ADDED ENTRY--TOPICAL TERM
Topical term or geographic name entry element Sects.
Source of heading or term fast
Authority record control number or standard number (OCoLC)fst01110714
9 (RLIN) 1516
655 #7 - INDEX TERM--GENRE/FORM
Genre/form data or focus term Handbooks, manuals, etc.
Source of term fast
Authority record control number or standard number (OCoLC)fst01423877
9 (RLIN) 604
856 41 - ELECTRONIC LOCATION AND ACCESS
Materials specified Table of contents
Uniform Resource Identifier <a href="http://catdir.loc.gov/catdir/toc/ecip064/2005032520.html">http://catdir.loc.gov/catdir/toc/ecip064/2005032520.html</a>
942 ## - ADDED ENTRY ELEMENTS (KOHA)
Source of classification or shelving scheme Dewey Decimal Classification
Koha item type Books
Koha issues (borrowed), all copies 22
Holdings
Withdrawn status Lost status Source of classification or shelving scheme Damaged status Not for loan Home library Current Library Shelving location Date acquired Total checkouts Total renewals Full call number Barcode Date last seen Date last checked out Copy number Price effective from Koha item type Cost, normal purchase price
    Dewey Decimal Classification     GRACE BIBLE COLLEGE GRACE BIBLE COLLEGE Philosophy and Religion 2017-03-30 8 1 200.903 SCO 014250 2025-09-16 2025-09-10 c.1 2017-03-30 Books  
    Dewey Decimal Classification     GRACE BIBLE COLLEGE GRACE BIBLE COLLEGE Philosophy and Religion 2017-03-30 8   200.903 SCO 014251 2025-09-17 2025-09-10 c.2 2017-03-30 Books  
    Dewey Decimal Classification     GRACE BIBLE COLLEGE GRACE BIBLE COLLEGE Philosophy and Religion 2017-03-30 6   200.903 SCO 014252 2025-05-01 2025-02-28 c.3 2017-03-30 Books  
    Dewey Decimal Classification     GRACE BIBLE COLLEGE GRACE BIBLE COLLEGE Philosophy and Religion 2017-04-27 7 10 200.903 SCO 014339 2025-09-22 2025-09-15 c.4 2017-04-27 Books 221.00
© Grace Bible College Library 2025